|
|
|
|
| LEADER |
01316cam a2200301 a 4500 |
| 001 |
c000215446 |
| 003 |
CARM |
| 005 |
20060518113757.0 |
| 008 |
890725s1988 vrab s f000 0 eng d |
| 019 |
1 |
|
|a 6491140
|z 53471164
|z 59894537
|5 LACONCORD2021
|
| 035 |
|
|
|a (OCoLC)221281183
|5 LACONCORD2021
|
| 040 |
|
|
|a AIEA
|b eng
|c AIEA
|d SUA
|
| 042 |
|
|
|a anuc
|
| 043 |
|
|
|a u-at-vi
|
| 082 |
0 |
4 |
|a 305.8/51/0945
|2 20
|
| 100 |
1 |
|
|a Cozzi, Fiorina.
|
| 245 |
1 |
2 |
|a A profile of the Italian born community in Victoria 1988 :
|b based on census and settler arrival data /
|c prepared by Fiorina Cozzi.
|
| 260 |
|
|
|a Melbourne :
|b Ethnic Affairs Section, Dept. of Immigration, Local Government and Ethnic Affairs,
|c 1988.
|
| 300 |
|
|
|a 1 v. :
|b maps ;
|c 30 cm.
|
| 500 |
|
|
|a Cover title.
|
| 500 |
|
|
|a This is an internal departmental document and is therefore not for public use or quotation.
|
| 500 |
|
|
|a Chiefly statistical tables.
|
| 650 |
|
0 |
|a Italians
|z Victoria.
|
| 650 |
|
0 |
|a Italians
|z Victoria
|v Statistics.
|
| 710 |
1 |
|
|a Australia.
|b Dept. of Immigration, Local Government and Ethnic Affairs
|
| 852 |
8 |
|
|b CARM
|h A2:AD32H0
|i F00715
|p 0274620
|f BK
|
| 999 |
f |
f |
|i c92e0dd5-d414-5ad4-b41e-7460a6be904f
|s 5911ec83-3815-554e-8a98-e5a6ff1622b2
|
| 952 |
f |
f |
|p Can circulate
|a CAVAL
|b CAVAL
|c CAVAL
|d CARM 1 Store
|e F00715
|f A2:AD32H0
|h Other scheme
|i book
|m 0274620
|